Most Common Words and Phrases on JetPunk - Statistics

General Stats
  • This quiz has been taken 20 times
  • The average score is 4 of 24
Answer Stats
Frequency Answer % Correct
Words 158 Country
82%
Words 583 Quiz
53%
Bigrams 82 The World
47%
Words 157 World
47%
Words 496 Countries
35%
Bigrams 91 A map
18%
Words 240 Map
18%
Trigrams 53 On a map
18%
Bigrams 119 In the
12%
Bigrams 184 Of the
12%
Bigrams 81 Countries By
6%
Trigrams 42 Countries of the
6%
Bigrams 88 Countries that
6%
Trigrams 31 Countries with the
6%
Bigrams 107 General Knowledge
6%
Words 993 Level
6%
Trigrams 54 Of the world
6%
Trigrams 52 Countries that start
0%
Trigrams 87 General Knowledge Quiz
0%
Bigrams 87 Knowledge Quiz
0%
Words 474 Reply
0%
Words 478 Report
0%
Trigrams 57 That start with
0%
Trigrams 37 With a map
0%
No matching quizzes found
Score Distribution
Percent of People with Each Score
Percentile by Number Answered
Your Score History
You have not taken this quiz